Statistics for NBA Active Top 50: playoff blocks

Click here to take the quiz!

General Stats

  • This quiz has been taken 12 times
  • The average score is 40 of 50

Answer Stats

TeamPlayerBlocks% Correct
LALAnthony Davis63
100%
PHIDanny Green112
100%
GSWDraymond Green180
100%
MILGiannis Antetokounmpo63
100%
BKNJeff Green39
100%
PHIJoel Embiid44
100%
BKNKevin Durant163
100%
CLEKevin Love34
100%
GSWKlay Thompson66
100%
SASLaMarcus Aldridge100
100%
LALLeBron James250
100%
BOSTristan Thompson63
100%
OKCAl Horford148
92%
DETBlake Griffin46
92%
MILBrook Lopez75
92%
PHIDwight Howard242
92%
BKNJames Harden67
92%
BOSJayson Tatum37
92%
LACKawhi Leonard83
92%
LALMarc Gasol136
92%
LACPaul George49
92%
WASRobin Lopez32
92%
UTARudy Gobert60
92%
LACSerge Ibaka289
92%
BKNDeAndre Jordan116
83%
MIAJimmy Butler42
83%
HOUJohn Wall41
83%
INDMyles Turner55
83%
DENPaul Millsap132
83%
WASRussell Westbrook30
83%
NOPSteven Adams58
83%
MIAAndre Iguodala84
75%
ATLClint Capela87
75%
BOSJeff Teague29
75%
BKNKyrie Irving36
75%
GSWStephen Curry30
75%
HOUEric Gordon34
67%
OKCGeorge Hill30
67%
MIAUdonis Haslem41
67%
SACHassan Whiteside44
58%
CLEJaVale McGee64
58%
MEMJonas Valanciunas43
58%
MIAKelly Olynyk30
58%
DETMason Plumlee38
58%
UTADerrick Favors32
50%
DETJerami Grant30
50%
BOSMarcus Smart40
50%
CHABismack Biyombo29
42%
ORLAl-Farouq Aminu34
33%
NYKTaj Gibson67
33%

Score Distribution

Percentile by Number Answered

Percent of People with Each Score

Your Score History

You have not taken this quiz